Statistics for Juventus FC squad 2015-2016

Click here to take the quiz!

General Stats

  • This quiz has been taken 61 times
  • The average score is 15 of 26

Answer Stats

PositionPlayer% Correct
GKBuffon
100%
DEFChiellini
91%
DEFBonucci
88%
MIDPogba
81%
FORDybala
81%
FORMandžukić
79%
MIDMarchisio
77%
DEFBarzagli
77%
FORMorata
74%
DEFEvra
70%
DEFAlex Sandro
65%
MIDKhedira
65%
MIDCuadrado
60%
DEFLichtsteiner
56%
MIDSturaro
53%
GKNeto
49%
FORZaza
47%
MIDHernanes
42%
DEFRugani
37%
MIDPereyra
37%
DEFCáceres
37%
MIDAsamoah
37%
MIDLemina
33%
GKRubinho
30%
MIDPadoin
23%
GKAudero
23%

Score Distribution

Percentile by Number Answered

Percent of People with Each Score

Your Score History

You have not taken this quiz